000 00287nam a2200121 a 4500
008 100921s1968|||| d
245 1 0 _aTrinásť zlatých kameňov
100 1 _aFerko, Vladimír
260 _bSmena
_aBratislava
_c1968
020 _c24
044 _axo
_cSK
041 _aslo
999 _c10571
_d10571